| 000 | 01394nam0a2200277 i 4500 | ||
|---|---|---|---|
| 001 | RU\NLR\bibl\851365 | ||
| 005 | 20240725214105.0 | ||
| 021 |
_aRU _b2005-9062а _9363а |
||
| 035 | _a(NLR Aleph) 000840115 | ||
| 090 |
_a1415105 _c1415105 |
||
| 100 | _a20051011d2005 |||y0rusy50 ca | ||
| 101 | 0 | _arus | |
| 102 | _aRU | ||
| 105 | _ay dm ||||| | ||
| 200 | 1 |
_aЛистовка как жанр политического дискурса _eкогнитивно-прагматический анализ _eавтореф. дис. на соиск. учен. степ. к.филол.н. _eспец. 10.02.01 _fФедотовских Татьяна Григорьевна _g[ГОУ ВПО "Ур. гос. ун-т им. А.М. Горького", Фак. журналистики, Каф. рус. языка и стилистики] |
|
| 210 |
_aЕкатеринбург _d2005 |
||
| 215 |
_a21 с. _d21 |
||
| 320 | _aБиблиогр.: с. 20-21 (9 назв.) | ||
| 686 |
_a10.02.01 _2oksvnk |
||
| 700 | 1 |
_aФедотовских _bТ. Г. _gТатьяна Григорьевна _4070 |
|
| 801 | 0 |
_aRU _bNLR _c20051011 _grcr |
|
| 801 | 1 |
_aRU _bNLR _c20051011 |
|
| 942 | _cBOOK | ||
| 981 | 1 | 0 |
_a(10) Авторефераты _b(10) 10.00.00 Филологические науки _b10.02.00 Языкознание _b10.02.01 Русский язык |